| 000 | 01058nam a2200301 i 4500 | ||
|---|---|---|---|
| 001 | 000024471 | ||
| 003 | DO-SdBNP | ||
| 005 | 20251215100330.0 | ||
| 008 | 140226s2011 dr 000 0 spa d | ||
| 040 |
_aDO-SdBNP _bspa _cBNPHU _erda |
||
| 082 | 4 |
_a346.043 _bR426L _222 |
|
| 110 | 1 |
_aRepública Dominicana. _9447 |
|
| 240 | 1 | 0 | _a[Leyes, etc.] |
| 245 | 1 | 0 | _aLey número 189-11 para el desarrollo del mercado hipotecario y el fideicomiso en la República Dominicana. |
| 264 | 1 |
_aSanto Domingo : _bDalis, _c[2011]. |
|
| 300 |
_a96 páginas ; _c22 cm. |
||
| 336 |
_atexto _btxt _2rdacontent |
||
| 337 |
_asin mediación _bn _2rdamedia |
||
| 338 |
_avolumen _bnc _2rdacarrier |
||
| 590 | _aInventariado, 2018/LP | ||
| 650 | 0 |
_aFideicomiso _xLegislación _933544 |
|
| 650 | 4 |
_aCompraventa de bienes raíces _xLegislación _950170 |
|
| 650 | 4 |
_aDerecho sucesorio _xLegislación _950171 |
|
| 650 | 4 |
_aLeyes _zRepública Dominicana _93033 |
|
| 651 | 4 |
_aRepública Dominicana _xLey 189-11 _950172 |
|
| 910 | _aValidado. Control de calidad EMS | ||
| 942 |
_2ddc _cLBS1 |
||
| 999 |
_c23964 _d23964 |
||